1825 1669 1198 1248 1060 1270 1823 1826 1798 1936 1489 1321 1079 1283 1281 1595 1579 1352 1454 1498 1875 1257 1117 1526 1971 1846 1325 1315 1180 1903 1136 1568 1763 1491 1519 1732 1759 1092 1071 1790 1078 1502 1804 1809 1416 1445 1209 1266 1933 1188 1748 1846 1909 1381 1556 1022 1808 1038 1342 1595 1559 1310 1052 1739 1334 1437 1847 1588 1221 1736 1141 1412 1283 1559 1298 1383 1193 1625 1269 1231 1291 1685 1952 1893 1242 1950 1387 1332 1812 1295 1044 1968 1371 1485 1957 1243 1385 1385 1200 BCNSPRNW ULIB Ver.6.0+V

เปลี่ยนเป็นภาษาไทย

Change to English
 แสดงรายละเอียดบรรณานุกรม
  กลับหน้าหลัก

Brief Record : Get Marc (ISO 2709) : E-mail record : QR code < ปิดหน้าต่าง
LEADER : 00000nam 2200000uu 4500
001    13399126728
003     ULIB
008    190221s2018||||th 000 0 tha d
020    ^a9781496345875
060    ^aWY100.4^bW364H
100    ^aWeber, Janet R. and Jane H. Kelley
245    ^aHealth Assessment in Nursing
250    ^a6th ed
260    ^aPhiladelphia :^bWolters Kluwer Health,^c2018
300    ^a925 pages^bภาพประกอบ
650    ^aNursing Assessment^xmethods
945    ^p2337^l0^i005389
999    ^aวิลาวรรณ์ สายภักดี
รายการนี้ยังไม่มีแท็ก
คุณยังไม่ได้ล็อกอิน คุณสามารถมีกิจกรรมร่วมกับเว็บไซต์ได้ แต่ต้องล็อกอินก่อน ::
  ล็อกอิน

รายการสื่อสารสนเทศ

ลำดับที่ ประเภท เลขเรียก/บาร์โค้ด สถานที่ สถานะ
1. Book การพยาบาล
หนังสือสำรอง
สถานะ=หนังสือสำรอง
WY100.4 W364H ฉ.1 
  Barcode: 005389
ห้องสมุดวิทยาเขตสวรรค์ประชารักษ์
►หนังสือทั่วไป
บนชั้น

รายการใกล้เคียง
    ชื่อเรื่อง [Health Assessment in Nursing]

BibComment


ยังไม่เคยถูกคอมเมนท์

คอมเมนท์ทรัพยากรรายการนี้
  คอมเมนท์: Health Assessmen..


 Copyright 2026. Bcnsprnw @Library